000 00379nam a2200121 4500
008 760.989.2 ES74l
082 _a760.989.2
_bES74l
100 _aEscobar, Ticio
_9827
245 _aEl límite:
_bacerca de la obra gráfica de Osvaldo Palermo
260 _aAsunción
_bLAMARCA
_c1994
300 _a24 p.
_bil.
_c33, 5 x 25 cm
650 _xarte contemporáneo
_xgrabado
_xcrítica
_xParaguay
_97106
999 _c1815
_d1815